[Event "9th chPOL Computer Chess "]
[Site "Warszawa"]
[Date "2010.11.27"]
[Round "1.1"]
[White "Darmenios"]
[Black "Butcher ver 1.60n1"]
[Result "1/2-1/2"]
[WhiteElo "2433"]
[BlackElo "2373"]
[PlyCount "121"]
[EventDate "2010.11.27"]
[EventCountry "POL"]

1. e4 d5 2. d3 dxe4 3. dxe4 Qxd1+ 4. Kxd1 Nc6 5. Nf3 Nf6 6. Nc3 Bg4 7. Be3 e6
8. a3 O-O-O+ 9. Kc1 Bd6 10. Bb5 Ne5 11. Nxe5 Bxe5 12. f3 Bh5 13. Bxa7 b6 14.
Ba6+ Kd7 15. a4 Bxc3 16. bxc3 Ra8 17. a5 Kc6 18. axb6 cxb6 19. Bd3 Bg6 20. Rd1
Kb7 21. e5 Nd5 22. c4 Nc7 23. Bxg6 fxg6 24. Rd7 Rhc8 25. Rxg7 Rxa7 26. Rxa7+
Kxa7 27. Rxh7 Kb7 28. Kd2 Rg8 29. h4 Kc6 30. Re7 Rh8 31. g3 Rd8+ 32. Ke3 Ra8
33. Rg7 Ra3+ 34. Ke4 Rc3 35. Rxg6 Rxc4+ 36. Kd3 Kd5 37. Rg7 b5 38. h5 Na6 39.
Kd2 Rc8 40. h6 Rh8 41. h7 Kxe5 42. Rf7 Nb4 43. g4 Nd5 44. g5 Nf4 45. Rxf4 Rxh7
46. Rf8 Kd4 47. c3+ Kc4 48. g6 Rg7 49. Rf4+ Kd5 50. Rb4 Rxg6 51. Rxb5+ Kc4 52.
Rb4+ Kc5 53. Rg4 Rf6 54. Ke3 e5 55. Rb4 Rf7 56. Rg4 Kd5 57. Rb4 Rf8 58. c4+ Kc6
59. Rb5 Rf4 60. Rxe5 Rxc4 61. f4 1/2-1/2

[Event "9th chPOL Computer Chess "]
[Site "Warszawa"]
[Date "2010.11.27"]
[Round "1.2"]
[White "Glass 1.6 tourn"]
[Black "Atak"]
[Result "0-1"]
[WhiteElo "2433"]
[BlackElo "2372"]
[PlyCount "115"]
[EventDate "2010.11.27"]
[EventCountry "POL"]

1. e4 d5 2. exd5 Nf6 3. Bb5+ Bd7 4. Bc4 Bg4 5. f3 Bf5 6. Nc3 c6 7. dxc6 Nxc6 8.
Nge2 e5 9. d3 Bc5 10. Na4 Be7 11. Be3 O-O 12. a3 Nd4 13. O-O Rc8 14. Rc1 b5 15.
Bxd4 bxc4 16. Bxe5 Qa5 17. Bxf6 Bxf6 18. Nac3 cxd3 19. cxd3 Qb6+ 20. d4 Qxb2
21. Nd5 Bg5 22. f4 Bh4 23. Nec3 Be6 24. Rb1 Qxa3 25. Qh5 Rfd8 26. Rfd1 Bxd5 27.
Nxd5 g6 28. Qxh4 Rxd5 29. Ra1 Qd6 30. f5 Rxf5 31. Rxa7 Rc2 32. Re7 Rh5 33. Re8+
Kg7 34. Qg3 Qd5 35. h4 Rxh4 36. Re5 Qd8 37. Rf5 Rc4 38. Rf4 Rxf4 39. Qxf4 Qd5
40. Qd2 h5 41. Qb2 g5 42. Qa2 h4 43. Qd2 Kg6 44. Kh2 Kh6 45. Kg1 Kg7 46. Qa2
Kg6 47. Qa6+ f6 48. Qa2 Qe6 49. Qd2 Qe4 50. Qd3 Qxd3 51. Rxd3 Kf5 52. d5 Ke4
53. Rd2 Rc7 54. Kh2 Rd7 55. d6 Ke5 56. Re2+ Kxd6 57. Re8 Rc7 58. Rh8 0-1

[Event "9th chPOL Computer Chess "]
[Site "Warszawa"]
[Date "2010.11.27"]
[Round "1.3"]
[White "Armageddon Chess"]
[Black "Tytan SMP 9.32"]
[Result "1-0"]
[WhiteElo "2373"]
[BlackElo "2511"]
[PlyCount "115"]
[EventDate "2010.11.27"]
[EventCountry "POL"]

1. e4 e5 2. Nf3 Nc6 3. Bb5 a6 4. Ba4 Nf6 5. O-O b5 6. Bb3 Be7 7. Re1 d6 8. c3
O-O 9. h3 Na5 10. Bc2 c5 11. d4 Nd7 12. Nbd2 exd4 13. cxd4 Nc6 14. d5 Nce5 15.
Nxe5 Nxe5 16. f4 Nd7 17. Nf3 Bb7 18. Qd3 Qc7 19. Be3 Rad8 20. a4 c4 21. Qa3
bxa4 22. Bxa4 f5 23. Nd4 fxe4 24. Ne6 Qc8 25. Bxd7 Rxd7 26. Nxf8 Bxf8 27. Red1
Rc7 28. Qc3 Be7 29. Ra4 Bf6 30. Qc2 Qe8 31. Rxc4 Re7 32. g4 g6 33. Rc7 Bg7 34.
Rxe7 Qxe7 35. g5 Qe8 36. Qc4 Bc8 37. Ra1 Bb7 38. Qc7 Bxd5 39. Qxd6 Bc4 40. Bd4
Qf8 41. Qd7 Qf7 42. Qd6 Qf8 43. Qd7 Qf7 44. Qc8+ Bf8 45. Rc1 Be6 46. Qb8 e3 47.
Bxe3 Bxh3 48. Bc5 Bd7 49. Bxf8 Qxf8 50. Qxf8+ Kxf8 51. Rc7 Ke7 52. Ra7 Ke6 53.
Rxa6+ Kf5 54. Rf6+ Ke4 55. Rf7 Bb5 56. f5 gxf5 57. Rxh7 Ke5 58. Re7+ 1-0

[Event "9th chPOL Computer Chess "]
[Site "Warszawa"]
[Date "2010.11.27"]
[Round "2.1"]
[White "Atak"]
[Black "Armageddon Chess"]
[Result "1-0"]
[WhiteElo "2372"]
[BlackElo "2373"]
[PlyCount "129"]
[EventDate "2010.11.27"]
[EventCountry "POL"]

1. a3 e5 2. c4 Nf6 3. Nc3 d5 4. cxd5 Nxd5 5. Nf3 Nxc3 6. bxc3 Nc6 7. e4 Bc5 8.
Bb5 Bg4 9. h3 Bxf3 10. Qxf3 Qd6 11. O-O O-O 12. Bc4 Rad8 13. Qh5 Na5 14. Ba2 a6
15. Rd1 Nc6 16. d3 Qf6 17. d4 Be7 18. d5 Na5 19. Rd3 Bc5 20. Rf3 Qd6 21. Bd2
Bxa3 22. Rg3 Rfe8 23. Bh6 g6 24. Qh4 Rd7 25. Rf3 b6 26. Rb1 Rb8 27. Bg5 Nb7 28.
Rf6 Qf8 29. d6 Nxd6 30. Rxg6+ hxg6 31. Bf6 Qg7 32. Bxg7 Kxg7 33. Bd5 Bc5 34.
Qg5 f6 35. Qg4 Re7 36. Rd1 Rd8 37. h4 Rh8 38. Rd2 f5 39. exf5 Nxf5 40. g3 Ne3
41. Qe4 Nxd5 42. Rxd5 Rf8 43. Rd2 Rf5 44. Kg2 Ref7 45. f3 Rxf3 46. Qxe5+ R3f6
47. Rd8 Bd6 48. Qd4 a5 49. Ra8 Kh7 50. Qe3 Re7 51. Qd3 Rf5 52. Rd8 Rfe5 53. Qc4
Rg7 54. g4 Re3 55. g5 Rg3+ 56. Kf2 Rh3 57. Ke2 Rh1 58. Re8 Bg3 59. Kd3 Rd7+ 60.
Kc2 Rg7 61. Qg4 Re1 62. Ra8 Rge7 63. Qxg3 R1e3 64. Qf4 Re2+ 65. Kb3 1-0

[Event "9th chPOL Computer Chess "]
[Site "Warszawa"]
[Date "2010.11.27"]
[Round "2.2"]
[White "Butcher ver 1.60n1"]
[Black "Glass 1.6 tourn"]
[Result "0-1"]
[WhiteElo "2373"]
[BlackElo "2433"]
[PlyCount "171"]
[EventDate "2010.11.27"]
[EventCountry "POL"]

1. d4 d5 2. c4 e6 3. Nc3 Nf6 4. Nf3 Bb4 5. Bg5 h6 6. Bh4 O-O 7. e3 c5 8. dxc5
Nbd7 9. cxd5 exd5 10. Qd4 Qa5 11. Bd3 Bxc5 12. Qa4 Qxa4 13. Nxa4 Bb4+ 14. Ke2
Ne4 15. Rad1 Ndf6 16. Rc1 Re8 17. Bxf6 Nxf6 18. h3 b6 19. Nd4 Bb7 20. Rc7 Rab8
21. Bb5 Rec8 22. Rxb7 Rxb7 23. Ba6 Rbc7 24. Bxc8 Rxc8 25. Rd1 Rc4 26. g4 Bd6
27. b3 Rc8 28. Nb5 Bb8 29. Rd3 Kf8 30. Rc3 Re8 31. Rc6 Ng8 32. Rc1 Nf6 33. Rc6
Ng8 34. Rc2 Ne7 35. Kd3 Rd8 36. b4 Ke8 37. Nd4 Kd7 38. Nc3 Be5 39. Nf5 Nxf5 40.
gxf5 Ke7 41. Nb5 Rd7 42. f4 Ba1 43. Rc8 Kf6 44. Rc1 Bb2 45. Rc6+ Ke7 46. a4 Kd8
47. a5 bxa5 48. bxa5 Bf6 49. Ra6 Rb7 50. Rd6+ Ke7 51. Rxd5 a6 52. Nd6 Rb3+ 53.
Ke4 Rc3 54. Kf3 Rc6 55. Ne4 Bh4 56. Ke2 Rc2+ 57. Kd3 Rc6 58. Rc5 Rxc5 59. Nxc5
Be1 60. e4 Kf6 61. Nd7+ Ke7 62. Nb8 Kf6 63. Nc6 g6 64. Ke2 Bc3 65. fxg6 Kxg6
66. Kd3 Be1 67. Ke2 Bc3 68. Ke3 Kf6 69. Kd3 Be1 70. Ke2 Bc3 71. Kd3 Be1 72. Kd4
Bd2 73. e5+ Kf5 74. Nd8 Bxa5 75. Nxf7 Bb4 76. Ke3 Bc5+ 77. Kf3 a5 78. Nxh6+ Kg6
79. Ng4 a4 80. Ke4 a3 81. f5+ Kg5 82. Kd5 a2 83. Kxc5 a1=Q 84. f6 Qc3+ 85. Kd6
Qxh3 86. Nf2 0-1

[Event "9th chPOL Computer Chess "]
[Site "Warszawa"]
[Date "2010.11.27"]
[Round "2.3"]
[White "nanoSzachy"]
[Black "Darmenios"]
[Result "1-0"]
[WhiteElo "2557"]
[BlackElo "2433"]
[PlyCount "117"]
[EventDate "2010.11.27"]
[EventCountry "POL"]

1. d4 d5 2. c4 c6 3. Nf3 Nf6 4. cxd5 cxd5 5. Nc3 Nc6 6. Bf4 Bf5 7. e3 e6 8. Qb3
Bb4 9. Bb5 O-O 10. Bxc6 Bxc3+ 11. Qxc3 Rc8 12. Ne5 bxc6 13. O-O Ne4 14. Qa3 f6
15. Nd3 g5 16. Bg3 Qb6 17. Nc5 Nxc5 18. dxc5 Qb5 19. Bd6 Rf7 20. Qc3 e5 21. a4
Qd3 22. Qb4 h5 23. Rfd1 Qe2 24. Rd2 Qa6 25. h4 g4 26. b3 Kh8 27. Rb2 Rg8 28.
Qd2 Be4 29. b4 Rfg7 30. Qe1 g3 31. f3 Bd3 32. b5 cxb5 33. axb5 Qc8 34. c6 Bc4
35. b6 axb6 36. Rxb6 Kh7 37. c7 e4 38. Rb8 Qe6 39. Bxg3 Rxg3 40. Qxg3 Rxg3 41.
c8=Q Qxc8 42. Rxc8 exf3 43. Ra7+ Rg7 44. Rxg7+ Kxg7 45. Rc7+ Kg6 46. gxf3 Kf5
47. Rd7 Ba2 48. Kf2 Bc4 49. Kg2 Kg6 50. Kg3 Kf5 51. Rh7 Kg6 52. Rc7 Ba2 53. Kf4
Bb3 54. Rc5 Ba2 55. Rc6 Bb1 56. e4 dxe4 57. fxe4 Kf7 58. Kf5 Kg7 59. Rc7+ 1-0

[Event "9th chPOL Computer Chess "]
[Site "Warszawa"]
[Date "2010.11.27"]
[Round "3.1"]
[White "Glass 1.6 tourn"]
[Black "nanoSzachy"]
[Result "1/2-1/2"]
[WhiteElo "2433"]
[BlackElo "2557"]
[PlyCount "185"]
[EventDate "2010.11.27"]
[EventCountry "POL"]

1. e4 e5 2. Nf3 Nc6 3. Bb5 a6 4. Ba4 Nf6 5. Qe2 b5 6. Bb3 Bc5 7. d3 d6 8. O-O
O-O 9. c3 h6 10. Be3 Bb6 11. Bxb6 cxb6 12. Nbd2 Ne7 13. d4 Ng6 14. Qe3 Bb7 15.
h3 exd4 16. Qxd4 Qc7 17. Rfe1 Rfe8 18. Rad1 Re7 19. Re3 Rae8 20. Bc2 Nf4 21.
Nh4 Ne6 22. Qb4 g6 23. Nhf3 Qc5 24. Qb3 Nf4 25. Rde1 N6d5 26. exd5 Rxe3 27.
fxe3 Rxe3 28. Kh2 Bxd5 29. Qb4 Nxg2 30. Qxc5 dxc5 31. Rd1 Nf4 32. Re1 Rxe1 33.
Nxe1 Be6 34. h4 Bxa2 35. Ng2 Nd5 36. Kg3 a5 37. Bd3 c4 38. Be4 Nxc3 39. bxc3 b4
40. Ne3 b5 41. Nd1 h5 42. Bc6 Bb3 43. Nxb3 cxb3 44. cxb4 a4 45. Bd5 Kf8 46. Nc3
f6 47. Nxb5 Ke7 48. Kf4 b2 49. Nc3 Kd7 50. Ba2 Kc6 51. Nxa4 Kb5 52. Nxb2 Kxb4
53. Bf7 g5+ 54. hxg5 fxg5+ 55. Kxg5 h4 56. Kxh4 Kc3 57. Nc4 Kd4 58. Kg5 Ke4 59.
Be6 Kd4 60. Kf5 Kc5 61. Ke4 Kb5 62. Bd5 Kc5 63. Ke5 Kb4 64. Kd4 Kb3 65. Ne3+
Kb2 66. Kd3 Kb1 67. Nc4 Kc1 68. Be4 Kd1 69. Bf3+ Kc1 70. Bd5 Kb1 71. Kd2 Ka2
72. Kc2 Ka1 73. Kb3 Kb1 74. Kc3 Ka2 75. Bf7 Kb1 76. Ne5 Ka1 77. Nf3 Kb1 78. Ne1
Kc1 79. Nd3+ Kb1 80. Bb3 Ka1 81. Bc2 Ka2 82. Nc1+ Ka3 83. Bf5 Ka4 84. Bd7+ Ka5
85. Kd4 Kb4 86. Nd3+ Kb3 87. Nc5+ Kc2 88. Ba4+ Kd2 89. Bb5 Ke1 90. Ke3 Kd1 91.
Bc4 Kc2 92. Ne4 Kb2 93. Be6 1/2-1/2

[Event "9th chPOL Computer Chess "]
[Site "Warszawa"]
[Date "2010.11.27"]
[Round "3.2"]
[White "Armageddon Chess"]
[Black "Butcher ver 1.60n1"]
[Result "0-1"]
[WhiteElo "2373"]
[BlackElo "2373"]
[PlyCount "110"]
[EventDate "2010.11.27"]
[EventCountry "POL"]

1. d4 d5 2. c4 c6 3. Nc3 Nf6 4. Nf3 dxc4 5. a4 Bf5 6. e3 e6 7. Bxc4 Bb4 8. O-O
Nbd7 9. Qe2 Bg4 10. h3 Bxf3 11. Qxf3 O-O 12. Rd1 Rc8 13. e4 c5 14. e5 cxd4 15.
exf6 Rxc4 16. fxg7 Re8 17. Qe2 Qc8 18. Nb5 Rc2 19. Qf3 e5 20. Nxa7 Qc4 21. Qxb7
Nc5 22. Qb5 Qxb5 23. axb5 Nb3 24. Rb1 Bc5 25. Nc6 e4 26. Bf4 d3 27. Rf1 Kxg7
28. Rbd1 f6 29. Rb1 Ra8 30. g4 Re2 31. Rbd1 Ra2 32. g5 fxg5 33. Be5+ Kg8 34.
Bc3 Ra8 35. Kh1 Rxf2 36. Ne7+ Kf7 37. Nd5 Kg6 38. Ne7+ Kf7 39. Nd5 Rxf1+ 40.
Rxf1+ Kg6 41. Rf6+ Kh5 42. Rf1 Ra4 43. b6 e3 44. Nf6+ Kg6 45. b7 e2 46. Re1 Bd6
47. Ng4 Nd4 48. Nf2 Nf3 49. Nxd3 Nxe1 50. Nxe1 Ra7 51. b8=Q Bxb8 52. Kg2 Re7
53. Kf3 Ba7 54. Ng2 h5 55. b4 Rf7+ 0-1

[Event "9th chPOL Computer Chess "]
[Site "Warszawa"]
[Date "2010.11.27"]
[Round "3.3"]
[White "Tytan SMP 9.32"]
[Black "Atak"]
[Result "0-1"]
[WhiteElo "2511"]
[BlackElo "2372"]
[PlyCount "146"]
[EventDate "2010.11.27"]
[EventCountry "POL"]

1. d4 Nf6 2. c4 c6 3. Nc3 d5 4. Nf3 e6 5. e3 Nbd7 6. Qc2 Bd6 7. Bd3 O-O 8. O-O
dxc4 9. Bxc4 b5 10. Bd3 Bb7 11. Bd2 b4 12. Ne4 Nxe4 13. Bxe4 f5 14. Bd3 c5 15.
Be2 a5 16. h3 Qf6 17. Rfc1 Rfd8 18. a3 bxa3 19. bxa3 Be4 20. Qa4 Qg6 21. Qb5
Ra7 22. Qb3 Rb8 23. Qd1 cxd4 24. exd4 h6 25. Rc3 Rab7 26. Bd3 Nf6 27. Bxe4 Nxe4
28. Rc2 Rb5 29. a4 Rd5 30. Rb1 Rd8 31. Rb5 Rxb5 32. axb5 a4 33. Ra2 a3 34. b6
Kh7 35. Qb3 Rc8 36. Be1 Rc1 37. b7 Qe8 38. Re2 Kg8 39. Kf1 Kh8 40. Ne5 Nc3 41.
Nc4 Bc7 42. Rc2 Rxc2 43. Qxc2 Qb5 44. Qxc3 a2 45. Kg1 Qxb7 46. Nd2 Qb1 47. Nb3
Kh7 48. g3 e5 49. d5 Qxb3 50. Qxb3 a1=Q 51. Qb4 Qd1 52. Qd2 Qb1 53. Kg2 Qe4+
54. f3 Qb1 55. g4 Bd6 56. gxf5 e4 57. fxe4 Qxe4+ 58. Kg1 Qxf5 59. Kg2 Qe4+ 60.
Kg1 Kg8 61. Qa5 Qe3+ 62. Bf2 Qxh3 63. Qd8+ Bf8 64. Bc5 Qg3+ 65. Kf1 Qf3+ 66.
Kg1 Qg4+ 67. Kf2 Qf4+ 68. Kg2 Qe4+ 69. Kg3 Qd3+ 70. Kg2 Qg6+ 71. Kf3 Qf5+ 72.
Kg3 h5 73. Qxf8+ Qxf8 0-1

[Event "9th chPOL Computer Chess "]
[Site "Warszawa"]
[Date "2010.11.27"]
[Round "4.1"]
[White "Butcher ver 1.60n1"]
[Black "Tytan SMP 9.32"]
[Result "1-0"]
[WhiteElo "2373"]
[BlackElo "2511"]
[PlyCount "195"]
[EventDate "2010.11.27"]
[EventCountry "POL"]

1. d4 d5 2. c4 e6 3. Nc3 c6 4. Nf3 Nf6 5. e3 Nbd7 6. Be2 Bd6 7. O-O O-O 8. Qc2
dxc4 9. Bxc4 b5 10. Be2 Bb7 11. Bd2 a6 12. Ne4 Nxe4 13. Qxe4 Rb8 14. Qh4 Qxh4
15. Nxh4 c5 16. dxc5 Nxc5 17. Bb4 Rfc8 18. Nf3 Bxf3 19. gxf3 Be5 20. Rac1 Na4
21. b3 Nc3 22. Bxc3 Bxc3 23. Rfd1 Rc7 24. Rd6 Ra8 25. f4 Kf8 26. Kg2 Ke7 27.
Rb6 e5 28. Bf3 Raa7 29. f5 b4 30. Be4 Rd7 31. f6+ gxf6 32. Bxh7 Rd2 33. a4 Ra8
34. Rb7+ Ke6 35. e4 f5 36. Bxf5+ Kf6 37. Rb6+ Kg7 38. Rb7 Kf6 39. Rb6+ Kg7 40.
Rg1 Kf8 41. Rb7 Rad8 42. a5 Ra2 43. Kh1 Rxa5 44. Rg5 Ra1+ 45. Kg2 Rad1 46. Rh5
Kg8 47. Rh7 R1d7 48. Bxd7 Kxh7 49. Be6 Rd4 50. Bxf7 Kh6 51. Bd5 Rd2 52. Kg3 a5
53. h4 Bd4 54. f4 exf4+ 55. Kxf4 Rh2 56. Kg3 Be5+ 57. Kg4 Rf2 58. Rb6+ Rf6 59.
Rxf6+ Bxf6 60. h5 Be5 61. Kf5 Bd4 62. Bf7 Kg7 63. Be8 Be3 64. Ke6 Bg5 65. e5
Bf4 66. Kd5 Kf8 67. Bb5 Ke7 68. Bc4 Bg5 69. Ke4 Bh6 70. Kf5 Be3 71. Kg6 Bf4 72.
e6 Be5 73. h6 Bd4 74. Kf5 Kd6 75. h7 Bc3 76. Ke4 Bf6 77. Bd5 Ke7 78. Kd3 Kf8
79. Kc4 Kg7 80. Be4 Kf8 81. Kb5 Ke7 82. Bf5 Bg7 83. Kxa5 Bc3 84. Kb5 Kd6 85.
Bg4 Ke7 86. Kc5 Bf6 87. Kxb4 Kd6 88. Kc4 Ke7 89. b4 Kf8 90. b5 Kg7 91. Bf5 Bd8
92. b6 Bxb6 93. e7 Kf7 94. h8=Q Kxe7 95. Kd5 Kf7 96. Kd6 Bc5+ 97. Kxc5 Ke7 98.
Qg7+ 1-0

[Event "9th chPOL Computer Chess "]
[Site "Warszawa"]
[Date "2010.11.27"]
[Round "4.2"]
[White "nanoSzachy"]
[Black "Armageddon Chess"]
[Result "1/2-1/2"]
[WhiteElo "2557"]
[BlackElo "2373"]
[PlyCount "88"]
[EventDate "2010.11.27"]
[EventCountry "POL"]

1. Nf3 Nf6 2. c4 c5 3. d4 cxd4 4. Nxd4 e6 5. Nc3 Bb4 6. g3 O-O 7. Bg2 d5 8.
cxd5 Nxd5 9. Qb3 Qa5 10. Bd2 Nc6 11. Nxc6 bxc6 12. O-O Bxc3 13. Bxc3 Nxc3 14.
Qxc3 Qxc3 15. bxc3 Ba6 16. Bxc6 Rac8 17. Bf3 Rxc3 18. Rfd1 Rc7 19. Rab1 Rc2 20.
Rd7 Bxe2 21. Bxe2 Rxe2 22. Rxa7 g5 23. a4 Kg7 24. h3 Kg6 25. a5 Rd8 26. Rbb7 f5
27. g4 fxg4 28. hxg4 h6 29. Rg7+ Kf6 30. Rh7 Rd4 31. Rxh6+ Ke5 32. Ra6 Kd5 33.
Rg6 Re1+ 34. Kh2 Rxg4 35. Rb6 Reg1 36. Rgxe6 R4g2+ 37. Kh3 g4+ 38. Kh4 Rxf2 39.
a6 Rf7 40. Rg6 Rh7+ 41. Kg5 g3 42. Kg4 Rf7 43. Rg5+ Kc4 44. Rg8 Kd5 1/2-1/2

[Event "9th chPOL Computer Chess "]
[Site "Warszawa"]
[Date "2010.11.27"]
[Round "4.3"]
[White "Darmenios"]
[Black "Glass 1.6 tourn"]
[Result "1-0"]
[WhiteElo "2433"]
[BlackElo "2433"]
[PlyCount "141"]
[EventDate "2010.11.27"]
[EventCountry "POL"]

1. e4 e5 2. Nf3 Nc6 3. Bb5 Nf6 4. Nc3 Bb4 5. O-O d6 6. Nd5 Bc5 7. d4 exd4 8. b4
Bb6 9. Bg5 O-O 10. a4 a6 11. Bd3 Be6 12. Bxf6 gxf6 13. Nxb6 cxb6 14. Qd2 Re8
15. b5 Ne5 16. Nxd4 Qc7 17. Rfe1 Ng6 18. a5 Qc5 19. bxa6 Qxd4 20. axb7 Ra7 21.
a6 Rb8 22. c3 Qc5 23. Bf1 Ne5 24. Red1 Nc4 25. Qd4 Qxd4 26. Rxd4 b5 27. h3 f5
28. exf5 Bxf5 29. Bxc4 bxc4 30. Rxc4 Be6 31. Rc7 Kf8 32. c4 Ke8 33. c5 dxc5 34.
Rxc5 Ke7 35. Raa5 Kd6 36. Rc3 Bd7 37. Rf3 Ke7 38. Re3+ Kd6 39. Rf3 Ke7 40. Rb3
Kd6 41. Rba3 Kc7 42. g3 Bxh3 43. R5a4 Bd7 44. Rf4 Rf8 45. Rc4+ Bc6 46. Ra1 Rb8
47. Kh2 Kd7 48. Rd1+ Kc7 49. Ra1 Kd7 50. Ra3 Bxb7 51. Rd3+ Ke6 52. axb7 Raxb7
53. Kg2 Kf6 54. Rg4 Ke5 55. Rc3 f6 56. Rc5+ Kd6 57. Rh5 Ra8 58. Rd4+ Ke6 59.
Re4+ Kd6 60. Rd4+ Ke6 61. Re4+ Kd6 62. Reh4 Raa7 63. Rd4+ Ke6 64. Re4+ Kd6 65.
Rf5 Rf7 66. Rb4 Kc7 67. Rfb5 Rd7 68. Rc4+ Kd8 69. Rc6 Rf7 70. Rb4 Kd7 71. Rcb6
1-0

[Event "9th chPOL Computer Chess "]
[Site "Warszawa"]
[Date "2010.11.28"]
[Round "5.1"]
[White "Armageddon Chess"]
[Black "Darmenios"]
[Result "0-1"]
[WhiteElo "2373"]
[BlackElo "2433"]
[PlyCount "44"]
[EventDate "2010.11.27"]
[EventCountry "POL"]

1. e4 e5 2. Nf3 Nc6 3. Bc4 Nf6 4. d3 Be7 5. O-O O-O 6. Bb3 d6 7. c3 Bd7 8. h3
Na5 9. c4 Nxb3 10. Qxb3 b6 11. Be3 Qc8 12. Re1 c5 13. Nc3 Bxh3 14. gxh3 Qxh3
15. Qd1 Ng4 16. Nd5 Rae8 17. Nc7 f5 18. Qe2 fxe4 19. Qf1 Qh5 20. dxe4 Rxf3 21.
Qg2 Ref8 22. Ne6 R8f6 0-1

[Event "9th chPOL Computer Chess "]
[Site "Warszawa"]
[Date "2010.11.28"]
[Round "5.2"]
[White "Tytan SMP 9.32"]
[Black "nanoSzachy"]
[Result "0-1"]
[WhiteElo "2511"]
[BlackElo "2557"]
[PlyCount "142"]
[EventDate "2010.11.27"]
[EventCountry "POL"]

1. d4 e6 2. c4 Nf6 3. Nc3 d5 4. cxd5 Nxd5 5. e4 Nxc3 6. bxc3 c5 7. Nf3 cxd4 8.
cxd4 Bb4+ 9. Bd2 Bxd2+ 10. Qxd2 O-O 11. Bc4 Nd7 12. O-O b6 13. a4 Bb7 14. Rfe1
Rc8 15. Bd3 a5 16. Rec1 Qe7 17. h3 Qb4 18. Qa2 Rc3 19. Rcb1 Qd6 20. Qd2 Rfc8
21. Rc1 Qc7 22. Re1 h6 23. Rab1 Nf6 24. Rbd1 Ra3 25. Rc1 Qd8 26. Rxc8 Qxc8 27.
Rc1 Qa8 28. e5 Nd5 29. Bb5 Qf8 30. Qb2 Qb4 31. Qxb4 axb4 32. Rb1 Rc3 33. Kh2
Rc2 34. Kg1 Bc6 35. Ne1 Rc3 36. Bxc6 Rxc6 37. Kf1 Rc4 38. Nf3 Nc3 39. Rb3 Nxa4
40. Ke2 b5 41. Kd3 f6 42. Nd2 Rc3+ 43. Rxc3 bxc3 44. Nb3 Nb6 45. Kxc3 Nd5+ 46.
Kd2 Nf4 47. exf6 gxf6 48. g3 Nxh3 49. Ke3 Kf8 50. f4 Ke7 51. Kf3 Kd6 52. Kg2
Nxf4+ 53. gxf4 Kd5 54. Kf3 b4 55. Ke3 h5 56. Nd2 h4 57. Ne4 f5 58. Ng5 Kc4 59.
Ke2 b3 60. Kd2 Kxd4 61. Nf3+ Ke4 62. Nxh4 Kxf4 63. Kc3 Ke3 64. Ng2+ Ke4 65. Ne1
f4 66. Nd3 Ke3 67. Ne5 f3 68. Ng4+ Ke2 69. Nf6 f2 70. Ne4 f1=Q 71. Ng3+ Ke1 0-1

[Event "9th chPOL Computer Chess "]
[Site "Warszawa"]
[Date "2010.11.28"]
[Round "5.3"]
[White "Atak"]
[Black "Butcher ver 1.60n1"]
[Result "1-0"]
[WhiteElo "2372"]
[BlackElo "2373"]
[PlyCount "61"]
[EventDate "2010.11.27"]
[EventCountry "POL"]

1. e4 e5 2. f4 exf4 3. Nf3 d6 4. Bc4 g5 5. h4 g4 6. Ng5 Nh6 7. d4 Qe7 8. Bxf4
Nd7 9. O-O Nb6 10. Bb3 Bg7 11. a4 a5 12. Qd2 Bd7 13. Nc3 O-O 14. Rae1 Qd8 15.
e5 d5 16. Nxd5 Nxd5 17. Bxd5 Bf5 18. Bxb7 Rb8 19. Ne4 Bxe4 20. Bxe4 f5 21. Bc6
Nf7 22. e6 Bxd4+ 23. Rf2 Qf6 24. Bd5 Nd6 25. e7+ Rf7 26. Bxd6 cxd6 27. e8=Q+
Rxe8 28. Rxe8+ Kg7 29. Bxf7 Kxf7 30. Rb8 g3 31. Rb7+ 1-0

[Event "9th chPOL Computer Chess "]
[Site "Warszawa"]
[Date "2010.11.28"]
[Round "6.1"]
[White "nanoSzachy"]
[Black "Atak"]
[Result "0-1"]
[WhiteElo "2557"]
[BlackElo "2372"]
[PlyCount "146"]
[EventDate "2010.11.27"]
[EventCountry "POL"]

1. Nf3 d5 2. d4 e6 3. g3 Nf6 4. c4 Be7 5. Bg2 O-O 6. O-O dxc4 7. Qc2 a6 8. Qxc4
b5 9. Qc2 Bb7 10. Bg5 Nbd7 11. Rd1 Re8 12. Ne5 Bxg2 13. Kxg2 Nxe5 14. dxe5 Nd5
15. Bxe7 Qxe7 16. Nd2 Nb4 17. Qc1 Rad8 18. a3 Nd5 19. Qc6 Qd7 20. Qc2 Qe7 21.
b3 f5 22. e3 a5 23. Nf3 c5 24. h4 h6 25. Rd2 Qb7 26. Rad1 Qc6 27. e4 fxe4 28.
Qxe4 Rf8 29. Kg1 Qb7 30. Ra1 Qf7 31. Kg2 c4 32. Nd4 cxb3 33. Nxb3 Nc3 34. Qe3
Rxd2 35. Nxd2 Qb7+ 36. Kh2 b4 37. f4 Nd5 38. Qe4 Qb6 39. axb4 Qf2+ 40. Qg2 Qd4
41. Rxa5 Ne3 42. Qe2 Qxd2 43. Qxd2 Nf1+ 44. Kg2 Nxd2 45. Ra6 Re8 46. b5 Nb3 47.
Rd6 Rb8 48. b6 Kf7 49. Rc6 h5 50. Kf2 Nd4 51. Rc7+ Kg6 52. b7 Nb3 53. Kg1 Kf5
54. Kh2 g6 55. Kh3 Ke4 56. Kg2 Kd5 57. Rd7+ Kc4 58. Rg7 Nd4 59. Kh3 Kc5 60. Kg2
Nf5 61. Rf7 Kc6 62. Rf6 Rxb7 63. Rxg6 Kd5 64. Rg8 Ke4 65. Ra8 Rb2+ 66. Kg1 Nxg3
67. Ra3 Nf5 68. Kf1 Nxh4 69. f5 Nxf5 70. Ra4+ Kxe5 71. Ra8 h4 72. Ra3 Kf4 73.
Kg1 e5 0-1

[Event "9th chPOL Computer Chess "]
[Site "Warszawa"]
[Date "2010.11.28"]
[Round "6.2"]
[White "Darmenios"]
[Black "Tytan SMP 9.32"]
[Result "1-0"]
[WhiteElo "2433"]
[BlackElo "2511"]
[PlyCount "91"]
[EventDate "2010.11.27"]
[EventCountry "POL"]

1. e4 e5 2. Nf3 Nc6 3. Bb5 Nf6 4. Nc3 Bb4 5. O-O O-O 6. d3 Bxc3 7. bxc3 d6 8.
Bg5 Qe7 9. Re1 Nd8 10. d4 Bg4 11. h3 Bxf3 12. Qxf3 Ne6 13. Be3 a6 14. Bd3 Nd7
15. Rab1 Rab8 16. g3 Rfc8 17. h4 Re8 18. a4 Qd8 19. Qf5 c6 20. Rb3 Qc7 21. Be2
g6 22. Qf3 Qa5 23. Rd1 Qxa4 24. Rb2 exd4 25. cxd4 c5 26. c3 Qa3 27. Rbd2 Qxc3
28. dxc5 Nexc5 29. Rxd6 Ne5 30. Qf4 Ne6 31. Qf6 Qb2 32. R6d2 Qc3 33. Rd5 Rbd8
34. Kg2 Rxd5 35. Rxd5 Qc7 36. Rxe5 Qe7 37. Qf3 Rc8 38. Rd5 Re8 39. e5 Qc7 40.
Rd6 h5 41. Bd3 b5 42. Rxa6 Qxe5 43. Ra7 Rf8 44. Bh6 Qd4 45. Qb7 Qxd3 46. Bxf8
1-0

[Event "9th chPOL Computer Chess"]
[Site "Warszawa"]
[Date "2010.11.28"]
[Round "6.3"]
[White "Glass 1.6 tourn"]
[Black "Armageddon Chess"]
[Result "0-1"]
[WhiteElo "2433"]
[BlackElo "2373"]
[PlyCount "176"]
[EventDate "2010.11.27"]
[EventCountry "POL"]

1. e4 e5 2. Nf3 Nf6 3. Nxe5 d6 4. Nf3 Nxe4 5. d4 d5 6. Bd3 Nc6 7. O-O Be7 8. c4
Nb4 9. cxd5 Nf6 10. Bb5+ Bd7 11. Bxd7+ Qxd7 12. Ne5 Qxd5 13. Nc3 Qa5 14. Bg5
Rd8 15. Re1 O-O 16. Qb3 Rxd4 17. Nxf7 Nbd5 18. Ne5 Bb4 19. Bxf6 Rxf6 20. Nc4
Qc5 21. Re8+ Rf8 22. Rxf8+ Kxf8 23. Nxd5 Qxc4 24. Qf3+ Kg8 25. Ne3 Qb5 26. Nc2
Rd3 27. Qe2 Bf8 28. Qe6+ Kh8 29. Qf7 Qc5 30. Re1 Rd5 31. Ne3 Rd8 32. Nc4 Qb4
33. Kf1 Qc5 34. h3 a6 35. Kg1 Qb4 36. Re2 Qc5 37. Re5 Qc6 38. Re1 Qd7 39. Ne5
Qd2 40. Rf1 Bd6 41. Nc4 Qb4 42. a3 Qb5 43. Nxd6 cxd6 44. Re1 Rg8 45. b3 h6 46.
Re6 Qc5 47. b4 Qc1+ 48. Kh2 Qxa3 49. Qf4 Rd8 50. Rxh6+ gxh6 51. Qxh6+ Kg8 52.
Qg5+ Kf7 53. Qxd8 Qxb4 54. Qg5 Qc5 55. Qd2 d5 56. h4 d4 57. g4 Qd6+ 58. Kh3 Ke6
59. Qd3 Kd7 60. Qe4 Kc7 61. Qh7+ Kc6 62. Qc2+ Kb6 63. f3 d3 64. Qd2 Kc6 65. h5
Kd7 66. h6 Qg6 67. Kg3 b5 68. Qe3 Qd6+ 69. f4 d2 70. h7 d1=Q 71. h8=Q Q1d3 72.
Qhe5 Qxe3+ 73. Qxe3 a5 74. Qc3 a4 75. Qe3 a3 76. Qa7+ Ke6 77. Qh7 Kd5 78. Qc2
b4 79. Qd2+ Kc6 80. Qe2 Qd5 81. Qe8+ Kc5 82. Qe2 a2 83. Qb2 Qd3+ 84. Kh4 Qb1
85. Qe5+ Kc4 86. Qe2+ Kd4 87. Qd2+ Ke4 88. Qe2+ Kxf4 0-1

[Event "9th chPOL Computer Chess"]
[Site "Warszawa"]
[Date "2010.11.28"]
[Round "7.1"]
[White "Tytan SMP 9.32"]
[Black "Glass 1.6 tourn"]
[Result "1-0"]
[WhiteElo "2511"]
[BlackElo "2523"]
[PlyCount "151"]
[EventDate "2010.11.27"]
[EventCountry "POL"]

1. d4 Nf6 2. c4 e6 3. Nf3 b6 4. a3 Bb7 5. Nc3 d5 6. Bg5 Nbd7 7. cxd5 exd5 8.
Qa4 c6 9. e3 Bd6 10. e4 dxe4 11. Nxe4 Be7 12. Bxf6 Nxf6 13. Bd3 O-O 14. Rd1 Nd5
15. O-O Nf4 16. Rfe1 Qc7 17. Qc2 Rad8 18. Nc3 Nxd3 19. Rxd3 Bc8 20. Rde3 Be6
21. Nb5 Qb7 22. d5 cxd5 23. Nbd4 Rc8 24. Qd3 Bf6 25. Nxe6 fxe6 26. Rxe6 Qd7 27.
R6e2 Qf7 28. Rd2 Rcd8 29. Qc2 Rfe8 30. Red1 Rd7 31. h3 Red8 32. Nd4 Rc7 33. Qd3
Bxd4 34. Qxd4 Qe8 35. Qb4 Qe6 36. Qb3 Rcd7 37. Rd4 Qf5 38. Qe3 Qg6 39. Re1 Rf7
40. Qd2 Qd6 41. Re2 Rf5 42. Qe1 Rdf8 43. Re6 Qc5 44. Rd2 Kh8 45. Rde2 d4 46.
Re7 a5 47. Rd7 Rg8 48. b4 Qc3 49. Re8 Rff8 50. Qxc3 dxc3 51. Rxf8 Rxf8 52. Rc7
axb4 53. axb4 Kg8 54. Rxc3 Rf4 55. Rb3 Kf7 56. b5 Rf5 57. Kf1 Ke6 58. Rb4 Kd6
59. Ke2 Kc5 60. Rb2 Kc4 61. Rc2+ Kxb5 62. Rc7 Rg5 63. g4 Rg6 64. f4 Re6+ 65.
Kf3 Rh6 66. Rxg7 Rxh3+ 67. Kf2 Kc5 68. f5 Rh2+ 69. Kg3 Rh1 70. Kg2 Rh4 71. f6
Kd6 72. Kg3 Rh6 73. g5 Rh1 74. Rb7 Kc6 75. Kf2 Rh2+ 76. Ke3 1-0